000 00888ntm a22002297a 4500
005 20170813155653.0
008 170802s2013 xx a frb 000 0 eng d
040 _aEG-ScBUE
_beng
_cEG-ScBUE
082 0 4 _222
_a624
_bDAO
100 1 _aDaoud, Ahmed Osama Elsayed.
245 1 0 _aPalmocrete-replacement of steel re-bars by chemically treated palm fronds as concrete members reinforcement /
_cAhmed Osama Elsayed Daoud.
260 _c2013.
300 _aviii, 46 p. :
_bill. (col.) ;
_c28 cm.
500 _aA dissertation submitted to the faculty of engineering the British University in Egypt, in partial fulfilment of the requirements for the bachelor degree in civil engineering
590 _aRAHMA KHALED
650 7 _2BUEsh
_aCivil engineering
_vProjects
653 _bENGCIV
_cAugust2017
655 _vSPRO
700 1 _aHelmy, Amr Ibrahim.
_eths
777 _ASPRO
942 _2ddc
999 _c25221
_d25193